=LDR 00000nam 2200000 4500 =001 NUTBA000000000006254 =005 20141127134535.0 =006 =007 =008 =020 ##$$a 978-979-728-796-2 =035 ##$$a 0010-111400000000733 =040 ##$$a NBPDMAT =082 ##$$a 375.32 =090 ##$$a 372.35 $b Faw a =100 ##$$a Fauziyah =245 ##$$a Aktivitas Utama Ilmu Pengetahuan Alam (IPA) uktuk SD kels 1 semester 1 /$c Fawziyah; penyunting Nining Rahayu =250 ##$$a Cet.1 =260 ##$$a Jakarta : $b Widya Utama, $c 2010 =300 ##$$a 72 hlm. : $b ilus. ; $c 27 cm. =650 ##$$a Sains SD =700 ##$$a Ninung Rahayu =850 ##$$a NBPDMAT